|
|
|
|
| LEADER |
01171cam a2200313Ia 4500 |
| 001 |
9780203338070 |
| 003 |
FlBoTFG |
| 005 |
20091230162920.0 |
| 006 |
a|||||s||||||||||| |
| 007 |
cr|||| |
| 008 |
040421s2005 enkaf sbd 001 0 eng d |
| 020 |
|
|
|a 9780203338070 (e-book : PDF)
|
| 040 |
|
|
|a FlBoTFG
|c FlBoTFG
|d GrThAP
|
| 090 |
|
|
|a HQ13
|b .Y65 2005
|
| 092 |
|
|
|a 392.609
|b Y788
|
| 100 |
1 |
|
|a Younger, John G.
|q (John Grimes),
|d 1945-
|
| 245 |
1 |
0 |
|a Sex in the ancient world from A to Z
|h [electronic resource] /
|c John G. Younger.
|
| 260 |
|
|
|a London ;
|a New York :
|b Routledge,
|c 2005.
|
| 300 |
|
|
|a xvii , 217 p., [8] p. of plates :
|b ill.
|
| 490 |
1 |
|
|a The ancient world from A to Z
|
| 504 |
|
|
|a Includes bibliographical references (p.143-162) and index.
|
| 530 |
|
|
|a Also available in print edition.
|b CRC Press (http://www.crcpress.com)
|
| 538 |
|
|
|a Mode of access: World Wide Web.
|
| 650 |
|
0 |
|a Sex customs
|x History
|y To 1500.
|
| 650 |
|
0 |
|a Civilization, Ancient
|v Dictionaries.
|
| 655 |
|
7 |
|a Electronic books.
|2 lcsh
|
| 776 |
1 |
|
|z 9780415242523
|
| 830 |
|
0 |
|a Ancient world from A to Z.
|
| 856 |
4 |
0 |
|u http://www.tandfebooks.com/isbn/9780203338070
|z Full Text via HEAL-Link
|